[Event "Frauenbundesliga 2015/2016"]
[Site "Mattersburg/ St. Veit/ Graz"]
[Date "2015.11.08"]
[Round "3"]
[Board "4"]
[White "Kosc, Renata"]
[Black "Pilsan, Martha"]
[Result "1-0"]
[WhiteElo "2009"]
[BlackElo "1658"]
[PlyCount "75"]
[EventDate "2015.11.06"]
[EventType "team"]
[EventRounds "7"]
[EventCountry "AUT"]
[WhiteTeam "ASVOE Pamhagen"]
[BlackTeam "SK Dornbirn"]

1. e4 e5 2. Bc4 Nc6 3. d3 Nf6 4. Nc3 d6 5. Nge2 Na5 6. Bb3 Nxb3 7. axb3 Be6 8.
O-O g6 9. d4 Bg7 10. f4 exf4 11. Nxf4 Bg4 12. Qd3 O-O 13. h3 Bd7 14. Be3 Re8
15. Bf2 a6 16. g4 g5 17. Nfd5 c6 18. Nxf6+ Bxf6 19. Qf3 Bg7 20. Be3 Rf8 21. Rf2
h6 22. Ne2 Qe7 23. Ng3 Rae8 24. Re2 c5 25. c3 Bb5 26. Ree1 Bd7 27. Qf2 Rc8 28.
Nh5 Bh8 29. Rad1 Bc6 30. dxc5 Qxe4 31. Ng3 Qe6 32. Rxd6 Qxb3 33. Nf5 Be5 34.
Nxh6+ Kh7 35. Qf5+ Kg7 36. Qxe5+ f6 37. Nf5+ Kh8 38. Rxf6 1-0

[Event "Frauenbundesliga 2015/2016"]
[Site "Mattersburg/ St. Veit/ Graz"]
[Date "2015.11.08"]
[Round "3"]
[Board "1"]
[White "Newrkla, Katharina"]
[Black "Kremer, Nadine"]
[Result "1-0"]
[WhiteElo "2210"]
[BlackElo "1771"]
[PlyCount "57"]
[EventDate "2015.11.06"]
[EventType "team"]
[EventRounds "7"]
[EventCountry "AUT"]
[WhiteTeam "ASVOE Wulkaprodersdorf"]
[BlackTeam "tschaturanga"]

1. d4 Nf6 2. Nc3 g6 3. e4 d6 4. f4 Bg7 5. Nf3 O-O 6. e5 dxe5 7. fxe5 Nd5 8. Ne4
Bg4 9. c3 Nd7 10. Bc4 c6 11. O-O b5 12. Bb3 Qb6 13. Kh1 a5 14. a4 Rab8 15. axb5
Qxb5 16. Ba4 Qa6 17. Rf2 f6 18. exf6 exf6 19. Qf1 Qb6 20. Qc4 Bxf3 21. gxf3 f5
22. Bxc6 fxe4 23. Qxd5+ Kh8 24. Bxd7 Rxf3 25. Rxf3 exf3 26. Qxf3 Rf8 27. Qg2
Bxd4 28. cxd4 Qxd4 29. Bh6 1-0

[Event "Frauenbundesliga 2015/2016"]
[Site "Mattersburg/ St. Veit/ Graz"]
[Date "2015.11.08"]
[Round "3"]
[Board "2"]
[White "Landl, Margot"]
[Black "Exler, Veronika"]
[Result "0-1"]
[WhiteElo "1881"]
[BlackElo "2211"]
[PlyCount "112"]
[EventDate "2015.11.06"]
[EventType "team"]
[EventRounds "7"]
[EventCountry "AUT"]
[WhiteTeam "tschaturanga"]
[BlackTeam "ASVOE Wulkaprodersdorf"]

1. e4 c6 2. d4 d5 3. Nc3 dxe4 4. Nxe4 Nf6 5. Nxf6+ gxf6 6. Nf3 Bg4 7. Be2 Qc7
8. Be3 Nd7 9. Qd2 e6 10. O-O-O O-O-O 11. h3 Bh5 12. g4 Bg6 13. Nh4 Be4 14. f3
Bg6 15. Nxg6 hxg6 16. h4 Nb6 17. Qa5 Nd5 18. Qxc7+ Kxc7 19. Bf2 Bh6+ 20. Kb1
Be3 21. Rdf1 Bxf2 22. Rxf2 Nf4 23. c3 e5 24. dxe5 Rd2 25. Rhh2 fxe5 26. Bc4 Rd7
27. Kc2 b5 28. Bf1 f6 29. Rh1 a5 30. Rd2 Nd5 31. Kc1 f5 32. c4 bxc4 33. Bxc4
Ne3 34. Rxd7+ Kxd7 35. Bf7 g5 36. Bh5 gxh4 37. Rxh4 Ng2 38. Rh1 Nf4 39. Kd2 Ke7
40. Rc1 Nxh5 41. gxh5 Rxh5 42. Rxc6 Rh2+ 43. Kc1 Rf2 44. Ra6 Rxf3 45. Rxa5 Kd6
46. Rb5 e4 47. Kd2 f4 48. a4 Rf2+ 49. Ke1 e3 50. Rf5 Ke6 51. Rf8 Ke5 52. b4 Ra2
53. a5 Ke4 54. Re8+ Kf3 55. Rd8 Re2+ 56. Kd1 Rb2 0-1

[Event "Frauenbundesliga 2015/2016"]
[Site "Mattersburg/ St. Veit/ Graz"]
[Date "2015.11.08"]
[Round "3"]
[Board "4"]
[White "Steiner, Magdalena"]
[Black "Tschida, Verena"]
[Result "1-0"]
[WhiteElo "1738"]
[BlackElo "1657"]
[PlyCount "51"]
[EventDate "2015.11.06"]
[EventType "team"]
[EventRounds "7"]
[EventCountry "AUT"]
[WhiteTeam "tschaturanga"]
[BlackTeam "ASVOE Wulkaprodersdorf"]

1. d4 d5 2. Nf3 Nf6 3. Bg5 Nbd7 4. e3 h6 5. Bh4 g5 6. Bg3 Ne4 7. Bd3 Nxg3 8.
hxg3 Bg7 9. Nbd2 e5 10. dxe5 Nxe5 11. Nxe5 Bxe5 12. c3 Qf6 13. Qb3 Qc6 14. Nf3
Bg7 15. Bb5 Bd7 16. Bxc6 Bxc6 17. O-O-O O-O-O 18. Nd4 Be8 19. Nf5 Bf8 20. Rxd5
Rxd5 21. Qxd5 Bc6 22. Qxf7 Bc5 23. Rd1 b6 24. Qf6 Rf8 25. Qxc6 Rxf5 26. Qa8#
 1-0

[Event "Frauenbundesliga 2015/2016"]
[Site "Mattersburg/ St. Veit/ Graz"]
[Date "2015.11.08"]
[Round "3"]
[Board "1"]
[White "Horvath, Reka"]
[Black "Richterova, Natasa"]
[Result "0-1"]
[WhiteElo "2036"]
[BlackElo "2187"]
[PlyCount "118"]
[EventDate "2015.11.06"]
[EventType "team"]
[EventRounds "7"]
[EventCountry "AUT"]
[WhiteTeam "Spg. Feldbach-Kirchberg"]
[BlackTeam "Spg Steyr"]

1. e4 d6 2. d4 Nf6 3. Nc3 Nbd7 4. Nf3 e5 5. Bc4 Be7 6. a4 O-O 7. O-O a5 8. Re1
c6 9. Ba2 h6 10. h3 Re8 11. Be3 Bf8 12. Qd3 Qc7 13. Qc4 Nb6 14. Qb3 Ra6 15. d5
cxd5 16. exd5 Bf5 17. Nb5 Qe7 18. Bxb6 Rxb6 19. Qc3 Rc8 20. Qxa5 Ra6 21. Qb4
Bxc2 22. Nc3 Qd7 23. Rec1 Bd3 24. Nd2 Be7 25. Bc4 Bxc4 26. Nxc4 Rc5 27. Nb6 Qf5
28. a5 Qg5 29. Rd1 Qf4 30. Qb3 Bf8 31. Ra4 Qf5 32. Nc4 Qd7 33. Rb4 Qc8 34. Nb6
Qe8 35. Nc4 Qc8 36. Nb6 Qe8 37. Nba4 Rcxa5 38. Rxb7 Rxa4 39. Rb8 Qd7 40. Rb7
Qe8 41. Rb8 Qd7 42. Nxa4 Rxa4 43. Rc1 Ra7 44. Rcc8 Nh7 45. Qb6 Ra1+ 46. Kh2 g6
47. Qe3 Kg7 48. b4 Qf5 49. b5 Qb1 50. b6 Qg1+ 51. Kg3 f5 52. Rc7+ Kf6 53. Qf3
f4+ 54. Kh4 g5+ 55. Kh5 Qb1 56. Rxh7 Qg6+ 57. Kg4 Qf5+ 58. Kh5 g4+ 59. Kh4 Qg5#
 0-1

[Event "Frauenbundesliga 2015/2016"]
[Site "Mattersburg/ St. Veit/ Graz"]
[Date "2015.11.08"]
[Round "3"]
[Board "2"]
[White "Saler-Grafenberger, Elisabeth"]
[Black "Wilfling, Sandra"]
[Result "1-0"]
[WhiteElo "1919"]
[BlackElo "1835"]
[PlyCount "71"]
[EventDate "2015.11.06"]
[EventType "team"]
[EventRounds "7"]
[EventCountry "AUT"]
[WhiteTeam "Spg Steyr"]
[BlackTeam "Spg. Feldbach-Kirchberg"]

1. c4 c5 2. g3 Nf6 3. Bg2 d5 4. cxd5 Nxd5 5. Nc3 Nc7 6. Nf3 Nc6 7. b3 e5 8. Bb2
Bd6 9. Ne4 O-O 10. d3 Rb8 11. Rc1 Ne6 12. Nxd6 Qxd6 13. Nd2 Bd7 14. Nc4 Qc7 15.
O-O f6 16. a3 Rfc8 17. Ne3 Ne7 18. b4 Qb6 19. Nc4 Qa6 20. e3 b5 21. Na5 cxb4
22. Rxc8+ Rxc8 23. axb4 Qd6 24. Qb3 Kf8 25. Nb7 Qb6 26. Ba3 Rc7 27. Nc5 Ng5 28.
f4 exf4 29. gxf4 Nf7 30. d4 a5 31. bxa5 Qxa5 32. Bb4 Qb6 33. Ra1 Ra7 34. Nxd7+
Rxd7 35. Bc5 Qc7 36. Ra7 1-0

[Event "Frauenbundesliga 2015/2016"]
[Site "Mattersburg/ St. Veit/ Graz"]
[Date "2015.11.08"]
[Round "3"]
[Board "3"]
[White "Horvath, Orsolya"]
[Black "Molnar, Monika"]
[Result "1-0"]
[WhiteElo "1899"]
[BlackElo "1866"]
[PlyCount "91"]
[EventDate "2015.11.06"]
[EventType "team"]
[EventRounds "7"]
[EventCountry "AUT"]
[WhiteTeam "Spg. Feldbach-Kirchberg"]
[BlackTeam "Spg Steyr"]

1. e4 d5 2. exd5 Qxd5 3. Nc3 Qd6 4. d4 Nf6 5. h3 Bf5 6. Nf3 c6 7. Bc4 e6 8. O-O
Be7 9. Re1 h6 10. Be3 Nbd7 11. Qd2 Nb6 12. Bb3 g5 13. Ne5 Rh7 14. Ne2 Ne4 15.
Qc1 Nd5 16. c4 Nxe3 17. Qxe3 Rg7 18. Rad1 O-O-O 19. Ng3 Nxg3 20. Qxg3 f6 21.
Nf3 Qxg3 22. fxg3 Bb4 23. Re3 h5 24. a3 Bd6 25. Kf2 Re7 26. c5 Bc7 27. Rde1
Rde8 28. Bc4 a6 29. b4 Kd7 30. R1e2 Bb8 31. a4 Bc7 32. b5 axb5 33. axb5 Ra8 34.
b6 Bb8 35. d5 e5 36. d6 Rg7 37. Ra2 Rxa2+ 38. Bxa2 Bg6 39. Nd2 Bf5 40. Rf3 Be6
41. Bb1 Rf7 42. Ne4 f5 43. Nxg5 Rf8 44. Nxe6 Kxe6 45. Bxf5+ Rxf5 46. Rxf5 1-0

[Event "Frauenbundesliga 2015/2016"]
[Site "Mattersburg/ St. Veit/ Graz"]
[Date "2015.11.08"]
[Round "3"]
[Board "4"]
[White "Nagy, Laura"]
[Black "Felberbauer, Sara"]
[Result "1-0"]
[WhiteElo "1831"]
[BlackElo "1542"]
[PlyCount "93"]
[EventDate "2015.11.06"]
[EventType "team"]
[EventRounds "7"]
[EventCountry "AUT"]
[WhiteTeam "Spg Steyr"]
[BlackTeam "Spg. Feldbach-Kirchberg"]

1. e4 e5 2. Nf3 Nc6 3. Bc4 Bc5 4. O-O Nf6 5. d3 O-O 6. Bg5 d6 7. c3 Be6 8. Nbd2
a6 9. a4 a5 10. Qb3 Bxc4 11. Nxc4 Rb8 12. Qb5 Qe7 13. Nxa5 Nxa5 14. Qxa5 Bb6
15. Qb5 Qe6 16. Bxf6 Qxf6 17. Nd2 Qe7 18. Nc4 Bc5 19. Ne3 c6 20. Qc4 Qe6 21.
Qa2 Qxa2 22. Rxa2 Rfd8 23. a5 Bxe3 24. fxe3 d5 25. exd5 Rxd5 26. d4 Ra8 27. b4
e4 28. Raf2 Rf8 29. Rf4 Rdd8 30. Rxe4 Rfe8 31. Rxe8+ Rxe8 32. Rf3 f6 33. Kf2
Kf7 34. Ke2 g6 35. Kd3 f5 36. g4 Ke6 37. gxf5+ gxf5 38. Rh3 Re7 39. Rh6+ Kd7
40. Rf6 Re6 41. Rf7+ Re7 42. Rxf5 Kd6 43. Rf6+ Re6 44. Rxe6+ Kxe6 45. Ke4 h6
46. c4 Kf6 47. Kf4 1-0

[Event "Frauenbundesliga 2015/2016"]
[Site "Mattersburg/ St. Veit/ Graz"]
[Date "2015.11.08"]
[Round "3"]
[Board "1"]
[White "Mar, Karmen"]
[Black "Klek, Hanna-Marie"]
[Result "0-1"]
[WhiteElo "2074"]
[BlackElo "2326"]
[PlyCount "52"]
[EventDate "2015.11.06"]
[EventType "team"]
[EventRounds "7"]
[EventCountry "AUT"]
[WhiteTeam "SC Extraherb WS"]
[BlackTeam "Schach ohne Grenzen"]

1. e4 e5 2. Nf3 Nc6 3. Bc4 Bc5 4. O-O Nf6 5. d3 d6 6. c3 Bb6 7. Bb3 Ne7 8. Nh4
Bg4 9. Qe1 h6 10. h3 g5 11. hxg4 gxh4 12. Be3 Ng6 13. Qe2 h5 14. g5 Ng4 15.
Bxb6 axb6 16. f3 Nf4 17. Qd2 Ne3 18. Qxe3 Qxg5 19. Qd2 h3 20. Rf2 Qg3 21. Na3
Rg8 22. Nb5 Rc8 23. d4 hxg2 24. Rxg2 Nxg2 25. Kf1 Nf4 26. Qe3 Qh2 0-1

[Event "Frauenbundesliga 2015/2016"]
[Site "Mattersburg/ St. Veit/ Graz"]
[Date "2015.11.08"]
[Round "3"]
[Board "2"]
[White "Anker, Christin"]
[Black "Zechner, Andrea"]
[Result "1-0"]
[WhiteElo "1822"]
[BlackElo "1892"]
[PlyCount "53"]
[EventDate "2015.11.06"]
[EventType "team"]
[EventRounds "7"]
[EventCountry "AUT"]
[WhiteTeam "Schach ohne Grenzen"]
[BlackTeam "SC Extraherb WS"]

1. e4 c6 2. d4 d5 3. Nc3 g6 4. e5 Bg7 5. f4 h5 6. Be3 Nh6 7. Qd2 Na6 8. Nf3 Bg4
9. Ng5 Nc7 10. Bd3 Bf5 11. Be2 Qd7 12. O-O-O e6 13. h3 Ke7 14. Rhg1 h4 15. Bf2
Ng8 16. Nf3 f6 17. Nxh4 Rf8 18. g4 Rxh4 19. Bxh4 Be4 20. Qe3 Ke8 21. Nxe4 dxe4
22. Qxe4 Qf7 23. Bc4 f5 24. gxf5 gxf5 25. Qg2 Qh5 26. Qxg7 Qxh4 27. Qxc7 1-0

[Event "Frauenbundesliga 2015/2016"]
[Site "Mattersburg/ St. Veit/ Graz"]
[Date "2015.11.08"]
[Round "3"]
[Board "4"]
[White "Kimpel, Janine"]
[Black "Mattersberger, Melanie"]
[Result "1-0"]
[WhiteElo "1906"]
[BlackElo "1637"]
[PlyCount "99"]
[EventDate "2015.11.06"]
[EventType "team"]
[EventRounds "7"]
[EventCountry "AUT"]
[WhiteTeam "Schach ohne Grenzen"]
[BlackTeam "SC Extraherb WS"]

1. e4 Nf6 2. e5 Nd5 3. d4 d6 4. f4 dxe5 5. fxe5 Nc6 6. c4 Nb6 7. Be3 Bf5 8. Nf3
Bg4 9. Nc3 Bxf3 10. gxf3 e6 11. Qd2 Bb4 12. O-O-O Qd7 13. Rg1 f6 14. f4 O-O-O
15. Qc2 f5 16. b3 g6 17. Bg2 Ba3+ 18. Kb1 Nb4 19. Qf2 Qe7 20. Nb5 Nc6 21. c5
Nd5 22. Bxd5 Rxd5 23. Nxa3 Rhd8 24. Nb5 b6 25. Nc3 R5d7 26. Qf3 Nb8 27. c6 Rd5
28. Nxd5 Rxd5 29. Rc1 Na6 30. Qe2 Qa3 31. Qb2 Qe7 32. Rc4 Nb4 33. Qc3 Rb5 34.
a4 Nd5 35. Qd3 Ra5 36. Bd2 Ra6 37. Rc5 bxc5 38. Qxa6+ Kd8 39. Qxa7 Ke8 40. Qxc5
Qh4 41. Qc1 Qf2 42. h4 Qxd4 43. h5 Qd3+ 44. Kb2 Qd4+ 45. Ka3 Kf7 46. hxg6+ hxg6
47. Rg2 Kg7 48. Qg1 Qxg1 49. Rxg1 Kf7 50. a5 1-0

[Event "Frauenbundesliga 2015/2016"]
[Site "Mattersburg/ St. Veit/ Graz"]
[Date "2015.11.08"]
[Round "3"]
[Board "1"]
[White "Teuschler, Barbara"]
[Black "Duessler, Stefanie"]
[Result "1-0"]
[WhiteElo "2174"]
[BlackElo "2054"]
[PlyCount "91"]
[EventDate "2015.11.06"]
[EventType "team"]
[EventRounds "7"]
[EventCountry "AUT"]
[WhiteTeam "Chessgraz"]
[BlackTeam "SV Autohof St. Veit/Glan"]

1. e4 c5 2. Nf3 e6 3. d4 cxd4 4. Nxd4 Nc6 5. Nc3 Qc7 6. Be2 a6 7. O-O Nf6 8.
Be3 Be7 9. f4 d6 10. a4 O-O 11. Kh1 Nxd4 12. Bxd4 e5 13. Be3 exf4 14. Bxf4 Be6
15. Qd3 Nd7 16. Qg3 Ne5 17. Bd3 Rfd8 18. Be3 Rd7 19. Bd4 Bf8 20. a5 Kh8 21. Na4
Re7 22. Nb6 Rb8 23. Ra3 Nc6 24. Be3 Ree8 25. Rc3 Qd8 26. Bxa6 Nxa5 27. Bb5 Nc6
28. Nd5 Qa5 29. Rb3 Rec8 30. Qf2 Nb4 31. c4 Rc5 32. Ra3 Qd8 33. Nxb4 Bxc4 34.
Bxc5 Bxb5 35. Bb6 Qe8 36. Re1 Bc4 37. Nd5 Qe6 38. Qd4 Bb5 39. Nc7 Qd7 40. Nxb5
Qxb5 41. h3 Re8 42. Rea1 d5 43. Ra5 Qe2 44. Ra8 Rxa8 45. Rxa8 Qe1+ 46. Qg1 1-0

[Event "Frauenbundesliga 2015/2016"]
[Site "Mattersburg/ St. Veit/ Graz"]
[Date "2015.11.08"]
[Round "3"]
[Board "2"]
[White "Tarmastin, Laura"]
[Black "Schmidbauer, Andrea"]
[Result "0-1"]
[WhiteElo "1837"]
[BlackElo "1876"]
[PlyCount "114"]
[EventDate "2015.11.06"]
[EventType "team"]
[EventRounds "7"]
[EventCountry "AUT"]
[WhiteTeam "SV Autohof St. Veit/Glan"]
[BlackTeam "Chessgraz"]

1. e4 e6 2. d4 d5 3. e5 c5 4. c3 Nc6 5. Nf3 Qb6 6. a3 Bd7 7. b4 cxd4 8. cxd4
Nge7 9. Bb2 Nf5 10. g4 Nh6 11. h3 Be7 12. Nc3 f6 13. exf6 gxf6 14. Be2 a6 15.
Qd2 Nf7 16. Rc1 Bd6 17. Qe3 Kd8 18. Bd3 Qc7 19. Qe2 Bf4 20. Rc2 Ng5 21. Na4 h5
22. Nxg5 Bxg5 23. gxh5 f5 24. Nc5 Bf6 25. Kf1 Re8 26. Nb3 Qf4 27. Qe3 Qh4 28.
Be2 Rg8 29. Rd2 Bg5 30. Qd3 Bxd2 31. Nxd2 Be8 32. Nf3 Qxh5 33. b5 axb5 34. Qxb5
Qh7 35. Bc1 Kc8 36. Qc5 Bh5 37. Ne5 Bxe2+ 38. Kxe2 Ra5 39. Qc3 Qc7 40. Bd2 Ra6
41. Rc1 Qd6 42. Qb4 Qxb4 43. Bxb4 Rh8 44. Rc3 Rh4 45. Bc5 Re4+ 46. Kd2 Nxe5 47.
dxe5 Rc6 48. Bd6 Rxc3 49. Kxc3 Rh4 50. Kb3 Rxh3+ 51. Kc2 Rf3 52. Bc5 Kd7 53. a4
Kc6 54. Be3 Rxe3 55. fxe3 Kc5 56. Kd3 Kb4 57. Kd4 b6 0-1

[Event "Frauenbundesliga 2015/2016"]
[Site "Mattersburg/ St. Veit/ Graz"]
[Date "2015.11.08"]
[Round "3"]
[Board "4"]
[White "Kogler, Alexandra"]
[Black "Kaser, Gabriele"]
[Result "1/2-1/2"]
[WhiteElo "1431"]
[BlackElo "1266"]
[PlyCount "60"]
[EventDate "2015.11.06"]
[EventType "team"]
[EventRounds "7"]
[EventCountry "AUT"]
[WhiteTeam "SV Autohof St. Veit/Glan"]
[BlackTeam "Chessgraz"]

1. e4 d5 2. exd5 Qxd5 3. Nc3 Qa5 4. Nf3 Nf6 5. Bc4 e6 6. O-O Be7 7. d3 O-O 8.
Re1 c6 9. Bf4 b5 10. Bb3 Nbd7 11. Nd4 Bb7 12. a3 Qd8 13. h3 a6 14. Qe2 Nb6 15.
Rad1 Qxd4 16. Be3 Qd8 17. Ne4 Nbd5 18. Nxf6+ Bxf6 19. Bc5 Re8 20. Rb1 Qc7 21.
Bxd5 cxd5 22. b4 Be7 23. a4 Bxc5 24. bxc5 Re7 25. c3 Qa5 26. Qb2 Bc6 27. Qb4
Qc7 28. Qb2 Rae8 29. Re3 e5 30. Rbe1 d4 1/2-1/2

[Event "Frauenbundesliga 2015/2016"]
[Site "Mattersburg/ St. Veit/ Graz"]
[Date "2015.11.08"]
[Round "3"]
[Board "2"]
[White "Fuchs, Judith"]
[Black "Lymysalo, Venla"]
[Result "1-0"]
[WhiteElo "2342"]
[BlackElo "1756"]
[PlyCount "67"]
[EventDate "2015.11.06"]
[EventType "team"]
[EventRounds "7"]
[EventCountry "AUT"]
[WhiteTeam "Mayrhofen/SK Zell/Zillertal"]
[BlackTeam "SK Baden"]

1. e4 c5 2. Nf3 d6 3. d4 cxd4 4. Nxd4 Nf6 5. Nc3 a6 6. Qf3 g6 7. h3 Bg7 8. Be3
O-O 9. g4 Nc6 10. O-O-O Ne5 11. Qg2 b5 12. f4 Nc4 13. Bxc4 bxc4 14. e5 Rb8 15.
exf6 Bxf6 16. Rhe1 Qb6 17. b3 Qb4 18. Nd5 Qa3+ 19. Kb1 Bb7 20. Nxf6+ exf6 21.
Qe2 cxb3 22. cxb3 Be4+ 23. Ka1 d5 24. Bc1 Qa5 25. Bb2 Qb6 26. Rc1 a5 27. Nc6
Ra8 28. Qe3 Qxe3 29. Rxe3 Rfe8 30. Bxf6 Re6 31. g5 Kf8 32. Nd4 Rd6 33. Rec3 Ke8
34. Nb5 1-0

[Event "Frauenbundesliga 2015/2016"]
[Site "Mattersburg/ St. Veit/ Graz"]
[Date "2015.11.08"]
[Round "3"]
[Board "3"]
[White "Stallinger, Vanessa"]
[Black "Schnegg, Anna-Lena"]
[Result "0-1"]
[WhiteElo "1757"]
[BlackElo "2149"]
[PlyCount "76"]
[EventDate "2015.11.06"]
[EventType "team"]
[EventRounds "7"]
[EventCountry "AUT"]
[WhiteTeam "SK Baden"]
[BlackTeam "Mayrhofen/SK Zell/Zillertal"]

1. e4 e5 2. Nf3 Nc6 3. Bb5 a6 4. Ba4 Nf6 5. O-O Be7 6. Re1 b5 7. Bb3 d6 8. c3
O-O 9. h3 Na5 10. Bc2 c5 11. d4 Qc7 12. Nbd2 Be6 13. d5 Bd7 14. Nf1 c4 15. Ng3
g6 16. Bg5 Rfc8 17. Nh2 Nxd5 18. Bxe7 Nxe7 19. Ng4 Bxg4 20. Qxg4 Kh8 21. Rad1
Rd8 22. f4 Nac6 23. f5 Ng8 24. Rf1 Qe7 25. h4 Nb8 26. h5 gxh5 27. Nxh5 f6 28.
Kf2 Nc6 29. Qh4 Rab8 30. g4 b4 31. Kf3 bxc3 32. bxc3 Rb2 33. Bb1 d5 34. exd5
Qa3 35. Rc1 Nd4+ 36. Kg3 Ne2+ 37. Kh3 Nxc1 38. Nxf6 Qxc3+ 0-1

[Event "Frauenbundesliga 2015/2016"]
[Site "Mattersburg/ St. Veit/ Graz"]
[Date "2015.11.08"]
[Round "3"]
[Board "4"]
[White "Roeck, Vanessa"]
[Black "Bella, Ayriyan "]
[Result "1/2-1/2"]
[WhiteElo "1616"]
[BlackElo "1962"]
[PlyCount "80"]
[EventDate "2015.11.06"]
[EventType "team"]
[EventRounds "7"]
[EventCountry "AUT"]
[WhiteTeam "Mayrhofen/SK Zell/Zillertal"]
[BlackTeam "SK Baden"]

1. d4 d5 2. Nf3 Nc6 3. e3 Nf6 4. h3 e6 5. Bd3 Bd6 6. O-O O-O 7. b3 e5 8. dxe5
Nxe5 9. Bb2 Qe7 10. Nbd2 c5 11. Nxe5 Bxe5 12. Bxe5 Qxe5 13. Nf3 Qh5 14. Nh2 Qh6
15. Qf3 Be6 16. Ng4 Nxg4 17. hxg4 Qg5 18. Bf5 Rfe8 19. Rad1 Rad8 20. Rfe1 Bxf5
21. Qxf5 Qxf5 22. gxf5 Re5 23. g4 h5 24. f4 Re4 25. gxh5 d4 26. exd4 Rxf4 27.
dxc5 Rxd1 28. Rxd1 Rxf5 29. b4 Rf4 30. a3 Rc4 31. Rd8+ Kh7 32. Rd7 b6 33. cxb6
axb6 34. Rb7 Rc6 35. a4 f5 36. Rf7 Rc4 37. c3 Rxc3 38. Rxf5 Ra3 39. Rb5 Rxa4
40. Rxb6 Ra2 1/2-1/2

[Event "Frauenbundesliga 2015/2016"]
[Site "Mattersburg/ St. Veit/ Graz"]
[Date "2016.02.26"]
[Round "4"]
[Board "1"]
[White "Theissl-Pokorna, Regina"]
[Black "Exler, Veronika"]
[Result "1-0"]
[WhiteElo "2345"]
[BlackElo "2211"]
[PlyCount "105"]
[EventDate "2015.11.06"]
[EventType "team"]
[EventRounds "7"]
[EventCountry "AUT"]
[WhiteTeam "ASVOE Pamhagen"]
[BlackTeam "ASVOE Wulkaprodersdorf"]

1. e4 e5 2. Nf3 Nc6 3. Bc4 Nf6 4. d4 exd4 5. e5 d5 6. Bb5 Ne4 7. Nxd4 Bc5 8.
O-O Bd7 9. Bxc6 bxc6 10. f3 Ng5 11. f4 Bg4 12. Qxg4 Bxd4+ 13. Kh1 Ne4 14. Nc3
Nf2+ 15. Rxf2 Bxf2 16. Qxg7 Rf8 17. f5 Qd7 18. Qg4 O-O-O 19. e6 fxe6 20. fxe6
Qe7 21. Bg5 Rg8 22. Bxe7 Rxg4 23. Bxd8 Kxd8 24. Rf1 Bd4 25. h3 Rg7 26. g4 Ke7
27. Rf4 Be5 28. Rf7+ Rxf7 29. exf7 Kxf7 30. Nd1 Ke6 31. Kg2 d4 32. Kf3 Kd5 33.
b3 c5 34. Nb2 h6 35. Nd3 Bd6 36. Nf4+ Ke5 37. h4 c6 38. Nd3+ Kd5 39. Nf4+ Ke5
40. Nd3+ Kd5 41. g5 hxg5 42. hxg5 c4 43. g6 Bf8 44. Nf4+ Ke5 45. bxc4 Kf5 46.
a4 Bh6 47. Nd3 Bf8 48. Nb4 c5 49. Nd3 Kxg6 50. Ke4 Kf7 51. Kd5 Ke7 52. Nxc5 Bg7
53. Kc6 1-0

[Event "Frauenbundesliga 2015/2016"]
[Site "Mattersburg/ St. Veit/ Graz"]
[Date "2016.02.26"]
[Round "4"]
[Board "2"]
[White "Kopinits, Anna-Christina"]
[Black "Maslikova, Veronika"]
[Result "1/2-1/2"]
[WhiteElo "2267"]
[BlackElo "2246"]
[PlyCount "98"]
[EventDate "2015.11.06"]
[EventType "team"]
[EventRounds "7"]
[EventCountry "AUT"]
[WhiteTeam "ASVOE Wulkaprodersdorf"]
[BlackTeam "ASVOE Pamhagen"]

1. d4 Nf6 2. Bf4 d6 3. Nd2 Nh5 4. Bg5 h6 5. Bh4 g5 6. e3 Nf6 7. Bg3 Bg7 8. h4
Bg4 9. Be2 Bf5 10. hxg5 hxg5 11. Rxh8+ Bxh8 12. c3 c6 13. Ngf3 Nh7 14. e4 Bg6
15. e5 d5 16. Nb3 Nd7 17. Bd3 Ndf8 18. Bxg6 Nxg6 19. e6 Qc8 20. exf7+ Kxf7 21.
Qe2 Qf5 22. Nc5 b6 23. Nd3 g4 24. Nfe5+ Nxe5 25. Nxe5+ Bxe5 26. Qxe5 Qxe5+ 27.
Bxe5 Nf6 28. Ke2 Kg6 29. Kd3 Rf8 30. Ke3 Kg5 31. a4 Nd7 32. Bg3 Rh8 33. b3 Kf5
34. c4 dxc4 35. bxc4 e5 36. a5 exd4+ 37. Kxd4 Nc5 38. axb6 axb6 39. Rb1 Rd8+
40. Ke3 Re8+ 41. Kd2 Ne4+ 42. Kd3 Rd8+ 43. Ke3 Nxg3 44. fxg3 c5 45. Rxb6 Rd4
46. Rc6 Rxc4 47. Kd3 Rc1 48. Kd2 Rc4 49. Kd3 Rc1 1/2-1/2

[Event "Frauenbundesliga 2015/2016"]
[Site "Mattersburg/ St. Veit/ Graz"]
[Date "2016.02.26"]
[Round "4"]
[Board "3"]
[White "Mira, Helene"]
[Black "Boric, Elena"]
[Result "0-1"]
[WhiteElo "2092"]
[BlackElo "2208"]
[PlyCount "74"]
[EventDate "2015.11.06"]
[EventType "team"]
[EventRounds "7"]
[EventCountry "AUT"]
[WhiteTeam "ASVOE Pamhagen"]
[BlackTeam "ASVOE Wulkaprodersdorf"]

1. Nf3 d6 2. d4 f5 3. g3 Nf6 4. Bg2 g6 5. O-O Bg7 6. b3 O-O 7. Bb2 Qe8 8. c4 c6
9. d5 Bd7 10. Nc3 Na6 11. Nd4 Nc7 12. Qd2 Rb8 13. e4 fxe4 14. Nxe4 Nxe4 15.
Bxe4 cxd5 16. cxd5 Qf7 17. Rfe1 Rbe8 18. Ne6 Nxe6 19. dxe6 Bxe6 20. Bxg7 Kxg7
21. Qd4+ Qf6 22. Qxf6+ Kxf6 23. Bxb7 d5 24. Rac1 Bf7 25. Rc6+ e6 26. Ra6 Rd8
27. b4 d4 28. b5 d3 29. f4 d2 30. Rd1 g5 31. fxg5+ Kxg5 32. Bf3 Bg6 33. h4+ Kh6
34. Be2 Bc2 35. Rxe6+ Kg7 36. Rf1 Rxf1+ 37. Kxf1 Bd3 0-1

[Event "Frauenbundesliga 2015/2016"]
[Site "Mattersburg/ St. Veit/ Graz"]
[Date "2016.02.26"]
[Round "4"]
[Board "4"]
[White "Tschida, Verena"]
[Black "Kosc, Renata"]
[Result "0-1"]
[WhiteElo "1657"]
[BlackElo "2009"]
[PlyCount "49"]
[EventDate "2015.11.06"]
[EventType "team"]
[EventRounds "7"]
[EventCountry "AUT"]
[WhiteTeam "ASVOE Wulkaprodersdorf"]
[BlackTeam "ASVOE Pamhagen"]

1. d4 f5 2. c4 Nf6 3. Nc3 g6 4. Nf3 Bg7 5. e3 d6 6. Be2 O-O 7. O-O e6 8. b3 Qe7
9. Ba3 Nbd7 10. Nb5 c5 11. Rc1 Ne4 12. Nd2 Nxd2 13. Qxd2 a6 14. Nc3 Rb8 15.
Rfd1 b6 16. dxc5 dxc5 17. Bb2 Nf6 18. Bf3 Bb7 19. Bxb7 Rxb7 20. Qd6 Qf7 21. Na4
Ne4 22. Qc6 Bxb2 23. Nxb2 Re8 24. f3 Nf6 25. Na4 {Notation nicht mehr lesbar!}
 0-1